[Event "FIDE World Uni Rapid-C"]
[Site "Tornelo INT"]
[Date "2021.03.20"]
[Round "3.5"]
[White "Panko, Radoslav"]
[Black "Preotu, Razvan"]
[Result "0-1"]
[WhiteElo "2044"]
[BlackElo "2487"]
[WhiteFideId "-1"]
[WhiteFideId "-1"]
[PlyCount "72"]
[GameId "2130307588414511"]
[EventDate "2021.03.20"]
[EventType "swiss (rapid)"]
[EventRounds "12"]
[EventCountry "NET"]
[SourceTitle "The Week in Chess 1376"]
[Source "Mark Crowther"]
[SourceDate "2021.03.22"]
[SourceVersion "1"]
[SourceVersionDate "2021.03.22"]
[SourceQuality "2"]

1. d4 Nf6 2. Bg5 d5 3. e3 c5 4. c3 Nc6 5. Bd3 Qb6 6. Qb3 c4 7. Qxb6 axb6 8. Bc2 b5 9. Nd2 e6 10. Ngf3 Nh5 11. g4 Nf6 12. h3 h5 13. Rg1 hxg4 14. hxg4 b4 15. Ke2 b5 16. Ne5 Nxe5 17. dxe5 Nd7 18. Bf4 bxc3 19. bxc3 b4 20. cxb4 Bxb4 21. Nb1 Ba5 22. a3 Bc7 23. Nc3 Bxe5 24. Bxe5 Nxe5 25. Nb5 Ke7 26. Nd4 Bd7 27. e4 Rh3 28. Rg3 Rxg3 29. fxg3 Nxg4 30. exd5 exd5 31. Kf3 Ne5+ 32. Kf4 f6 33. a4 Nc6 34. Nb5 Nb4 35. Re1+ Kd8 36. Bd1 Nd3+ 0-1

[Event "FIDE World Uni Rapid-C"]
[Site "Tornelo INT"]
[Date "2021.03.20"]
[Round "5.4"]
[White "Badelka, Olga"]
[Black "Preotu, Razvan"]
[Result "0-1"]
[WhiteElo "2428"]
[BlackElo "2487"]
[WhiteFideId "-1"]
[WhiteFideId "-1"]
[PlyCount "46"]
[GameId "2130307588418754"]
[EventDate "2021.03.20"]
[EventType "swiss (rapid)"]
[EventRounds "12"]
[EventCountry "NET"]
[SourceTitle "The Week in Chess 1376"]
[Source "Mark Crowther"]
[SourceDate "2021.03.22"]
[SourceVersion "1"]
[SourceVersionDate "2021.03.22"]
[SourceQuality "2"]

1. Nf3 c5 2. g3 Nc6 3. Bg2 e5 4. c4 g6 5. Nc3 Bg7 6. d3 Nge7 7. Nd5 Nxd5 8. cxd5 Ne7 9. e4 d6 10. O-O O-O 11. a4 f5 12. Nd2 f4 13. Nc4 g5 14. Qh5 Rf6 15. Qxg5 Rg6 16. gxf4 Rxg5 17. fxg5 Ng6 18. Be3 Qe7 19. f3 Nf4 20. Bxf4 exf4 21. h4 Bd4+ 22. Kh2 Qf7 23. Bh3 Qh5 0-1

[Event "FIDE World Uni Rapid-C"]
[Site "Tornelo INT"]
[Date "2021.03.20"]
[Round "6.1"]
[White "Preotu, Razvan"]
[Black "Shoboev, Dandar"]
[Result "1/2-1/2"]
[WhiteElo "2487"]
[BlackElo "2185"]
[WhiteFideId "-1"]
[WhiteFideId "-1"]
[PlyCount "126"]
[GameId "2130307588422920"]
[EventDate "2021.03.20"]
[EventType "swiss (rapid)"]
[EventRounds "12"]
[EventCountry "NET"]
[SourceTitle "The Week in Chess 1376"]
[Source "Mark Crowther"]
[SourceDate "2021.03.22"]
[SourceVersion "1"]
[SourceVersionDate "2021.03.22"]
[SourceQuality "2"]

1. e4 c5 2. Nf3 e6 3. c3 Nf6 4. e5 Nd5 5. d4 cxd4 6. cxd4 d6 7. Bc4 dxe5 8. dxe5 Bb4+ 9. Bd2 O-O 10. O-O Bxd2 11. Nbxd2 Bd7 12. Bxd5 exd5 13. Nd4 Re8 14. Re1 Qb6 15. N2b3 Ba4 16. Nf5 Bxb3 17. axb3 Nc6 18. Qg4 g6 19. Qg5 Qd8 20. Nh6+ Kg7 21. Qf4 Nxe5 22. Rxe5 Rxe5 23. Qxe5+ Kxh6 24. Rd1 Qg5 25. Qc7 Re8 26. Qxf7 Qd2 27. Qf8+ Rxf8 28. Rxd2 Rd8 29. Kf1 Kg5 30. Rc2 Rd7 31. Ke2 Kf4 32. Kd3 h5 33. Kd4 Rd6 34. Rc3 h4 35. Rf3+ Kg4 36. Ke5 Rc6 37. h3+ Kg5 38. Rc3 Rf6 39. Rc2 Rf5+ 40. Kd4 b6 41. Re2 Kf6 42. b4 Rf4+ 43. Kxd5 Rxb4 44. Rd2 g5 45. Re2 g4 46. hxg4 Rxg4 47. f3 Rb4 48. Re4 Rxb2 49. Rxh4 Rxg2 50. Rf4+ Ke7 51. Ra4 a5 52. Kc6 Rb2 53. Rd4 Ke6 54. f4 Kf5 55. Rc4 Rb4 56. Rc1 Kxf4 57. Re1 a4 58. Re8 b5 59. Kc5 Rb3 60. Re7 a3 61. Re8 b4 62. Kc4 Rb2 63. Re1 a2 1/2-1/2

[Event "FIDE World Uni Rapid-C"]
[Site "Tornelo INT"]
[Date "2021.03.21"]
[Round "7.5"]
[White "Ferraguti, F."]
[Black "Preotu, Razvan"]
[Result "1-0"]
[WhiteElo "2067"]
[BlackElo "2487"]
[WhiteFideId "-1"]
[WhiteFideId "-1"]
[PlyCount "89"]
[GameId "2130307588427093"]
[EventDate "2021.03.20"]
[EventType "swiss (rapid)"]
[EventRounds "12"]
[EventCountry "NET"]
[SourceTitle "The Week in Chess 1376"]
[Source "Mark Crowther"]
[SourceDate "2021.03.22"]
[SourceVersion "1"]
[SourceVersionDate "2021.03.22"]
[SourceQuality "2"]

1. c4 g6 2. Nc3 c5 3. g3 Bg7 4. Bg2 Nc6 5. d3 e6 6. e4 Nge7 7. Nge2 d6 8. O-O O-O 9. a3 a5 10. Rb1 Bd7 11. Nb5 Nd4 12. Nexd4 cxd4 13. Nxd6 Qb6 14. e5 Bxe5 15. Ne4 a4 16. Bh6 Bg7 17. Qd2 Nf5 18. Bxg7 Kxg7 19. h4 h5 20. Qf4 f6 21. Rfe1 e5 22. Qd2 Qa5 23. b4 axb3 24. Rxb3 Bc6 25. Qb4 Rf7 26. Nc5 Bxg2 27. Kxg2 Qxb4 28. axb4 b6 29. Ne4 Ra2 30. Kf3 Rfa7 31. c5 bxc5 32. bxc5 Ne7 33. Re2 f5 34. Ng5 Rxe2 35. Kxe2 Nd5 36. c6 Ra2+ 37. Kf3 Rc2 38. Rb7+ Kg8 39. Rd7 Nf6 40. Rd8+ Kg7 41. c7 Ng4 42. Kg2 Rxf2+ 43. Kg1 Rb2 44. Rd7+ Kf6 45. Rf7# 1-0

[Event "FIDE World Uni Rapid-C"]
[Site "Tornelo INT"]
[Date "2021.03.21"]
[Round "8.6"]
[White "Preotu, Razvan"]
[Black "Antova, Gabriela"]
[Result "1-0"]
[WhiteElo "2487"]
[BlackElo "2250"]
[WhiteFideId "-1"]
[WhiteFideId "-1"]
[PlyCount "57"]
[GameId "2130307588431262"]
[EventDate "2021.03.20"]
[EventType "swiss (rapid)"]
[EventRounds "12"]
[EventCountry "NET"]
[SourceTitle "The Week in Chess 1376"]
[Source "Mark Crowther"]
[SourceDate "2021.03.22"]
[SourceVersion "1"]
[SourceVersionDate "2021.03.22"]
[SourceQuality "2"]

1. e4 c5 2. Nf3 d6 3. d4 cxd4 4. Nxd4 Nf6 5. Nc3 a6 6. Be2 e6 7. Be3 Be7 8. g4 h6 9. Qd2 b5 10. a3 Bb7 11. f3 Nbd7 12. O-O-O Nb6 13. h4 Nfd7 14. g5 Ne5 15. f4 Nec4 16. Bxc4 Nxc4 17. Qe2 Rc8 18. g6 Nxe3 19. Qxe3 b4 20. axb4 Qb6 21. gxf7+ Kxf7 22. Qh3 d5 23. exd5 Bxd5 24. Nxd5 exd5 25. Qf5+ Bf6 26. Qd7+ Kg6 27. h5+ Kh7 28. Qf5+ Kg8 29. Qxc8+ 1-0

[Event "FIDE World Uni Rapid-C"]
[Site "Tornelo INT"]
[Date "2021.03.21"]
[Round "9.3"]
[White "Preotu, Razvan"]
[Black "Ali Marandi, Cemil Can"]
[Result "0-1"]
[WhiteElo "2487"]
[BlackElo "2543"]
[WhiteFideId "-1"]
[WhiteFideId "-1"]
[PlyCount "60"]
[GameId "2130307588431332"]
[EventDate "2021.03.20"]
[EventType "swiss (rapid)"]
[EventRounds "12"]
[EventCountry "NET"]
[SourceTitle "The Week in Chess 1376"]
[Source "Mark Crowther"]
[SourceDate "2021.03.22"]
[SourceVersion "1"]
[SourceVersionDate "2021.03.22"]
[SourceQuality "2"]

1. e4 e5 2. Nf3 Nc6 3. Bc4 Bc5 4. c3 Nf6 5. d4 exd4 6. e5 d5 7. Bb5 Ne4 8. cxd4 Bb6 9. Nc3 O-O 10. Be3 Bg4 11. h3 Bh5 12. Qc2 Bg6 13. Qb3 Nxc3 14. Bxc6 Ne4 15. Bxd5 Ba5+ 16. Kf1 c6 17. Bc4 Kh8 18. h4 h6 19. h5 Bh7 20. Bxf7 c5 21. dxc5 Rc8 22. e6 Nxc5 23. Bxc5 Rxc5 24. Nh4 Bb6 25. Re1 Rc2 26. Qxc2 Bxc2 27. Ng6+ Bxg6 28. hxg6 Qd4 29. Re2 Rc8 30. g3 Qd5 0-1

[Event "FIDE World Uni Rapid-C"]
[Site "Tornelo INT"]
[Date "2021.03.21"]
[Round "10.5"]
[White "Dallemagne, Maximillien"]
[Black "Preotu, Razvan"]
[Result "0-1"]
[WhiteElo "2100"]
[BlackElo "2487"]
[WhiteFideId "-1"]
[WhiteFideId "-1"]
[PlyCount "36"]
[GameId "2130307588435501"]
[EventDate "2021.03.20"]
[EventType "swiss (rapid)"]
[EventRounds "12"]
[EventCountry "NET"]
[SourceTitle "The Week in Chess 1376"]
[Source "Mark Crowther"]
[SourceDate "2021.03.22"]
[SourceVersion "1"]
[SourceVersionDate "2021.03.22"]
[SourceQuality "2"]

1. Nf3 c5 2. b3 Nc6 3. Bb2 d6 4. g3 e5 5. d3 Be7 6. Bg2 Be6 7. O-O Qd7 8. Re1 Bh3 9. Bh1 h5 10. Nc3 h4 11. Nd5 Nf6 12. e4 hxg3 13. hxg3 Nxd5 14. exd5 Nb4 15. c4 Qf5 16. Bxe5 Bg4 17. Bf4 Nxd3 18. Re3 Rxh1+ 0-1

[Event "FIDE World Uni Rapid-C"]
[Site "Tornelo INT"]
[Date "2021.03.21"]
[Round "11.2"]
[White "Preotu, Razvan"]
[Black "Albornoz Cabrera, Carlos Daniel"]
[Result "0-1"]
[WhiteElo "2487"]
[BlackElo "2573"]
[WhiteFideId "-1"]
[WhiteFideId "-1"]
[PlyCount "80"]
[GameId "2130307588439663"]
[EventDate "2021.03.20"]
[EventType "swiss (rapid)"]
[EventRounds "12"]
[EventCountry "NET"]
[SourceTitle "The Week in Chess 1376"]
[Source "Mark Crowther"]
[SourceDate "2021.03.22"]
[SourceVersion "1"]
[SourceVersionDate "2021.03.22"]
[SourceQuality "2"]

1. e4 c5 2. Nf3 d6 3. d4 cxd4 4. Nxd4 Nf6 5. Nc3 a6 6. Be2 e5 7. Nb3 Be7 8. O-O O-O 9. Be3 Be6 10. Qd3 Nbd7 11. Nd5 Bxd5 12. exd5 Ne8 13. Qd2 h6 14. Qb4 Qc7 15. Na5 Nef6 16. c4 Bd8 17. Qxb7 Qxb7 18. Nxb7 Bc7 19. c5 Nxd5 20. cxd6 Nxe3 21. dxc7 Nxf1 22. Nd6 Nd2 23. Rd1 Nb6 24. Rxd2 Nc8 25. Bf3 Ra7 26. Nxc8 Rxc7 27. Nb6 Rb8 28. Na4 Rc1+ 29. Bd1 Rb4 30. Rd8+ Kh7 31. Kf1 Rxa4 32. Ke2 Rxa2 33. Kd2 Rc7 34. Bc2+ g6 35. Rb8 Ra5 36. Bd3 Rd5 37. Ke3 a5 38. g4 Kg7 39. Rb6 Rd4 40. f3 Rb4 0-1

[Event "FIDE World Uni Rapid-C"]
[Site "Tornelo INT"]
[Date "2021.03.21"]
[Round "12.8"]
[White "Gesyan, Suren"]
[Black "Preotu, Razvan"]
[Result "1/2-1/2"]
[WhiteElo "1945"]
[BlackElo "2487"]
[WhiteFideId "-1"]
[WhiteFideId "-1"]
[PlyCount "69"]
[GameId "2130307588443831"]
[EventDate "2021.03.20"]
[EventType "swiss (rapid)"]
[EventRounds "12"]
[EventCountry "NET"]
[SourceTitle "The Week in Chess 1376"]
[Source "Mark Crowther"]
[SourceDate "2021.03.22"]
[SourceVersion "1"]
[SourceVersionDate "2021.03.22"]
[SourceQuality "2"]

1. e4 c5 2. Nc3 d6 3. g3 g6 4. Bg2 Bg7 5. d3 Nc6 6. Be3 Rb8 7. Qd2 b5 8. Nd1 h5 9. h3 b4 10. f4 e6 11. Qf2 Nge7 12. Ne2 Qb6 13. O-O Ba6 14. Nc1 Nd4 15. Rb1 Qc7 16. Nb3 Nec6 17. e5 Nxb3 18. axb3 dxe5 19. Ra1 Bb5 20. Bxc5 a5 21. fxe5 Bxe5 22. Bxc6+ Bxc6 23. Rxa5 Bxg3 24. Qf6 Bh2+ 25. Kf2 Be5 26. Qg5 Bd6 27. Ra7 Bxc5+ 28. Qxc5 Qb6 29. Re7+ Kf8 30. Ke1 Qxc5 31. Rfxf7+ Kg8 32. Rg7+ Kf8 33. Rgf7+ Kg8 34. Rg7+ Kf8 35. Rgf7+ 1/2-1/2

[Event "FIDE World Uni Blitz-D 1st"]
[Site "Tornelo INT"]
[Date "2021.03.13"]
[Round "6.7"]
[White "Xiong, Ferdinand"]
[Black "Preotu, Razvan"]
[Result "0-1"]
[WhiteElo "2211"]
[BlackElo "2487"]
[WhiteFideId "-1"]
[WhiteFideId "-1"]
[PlyCount "142"]
[GameId "1626416151744512"]
[EventDate "2021.03.13"]
[EventType "swiss (blitz)"]
[EventRounds "10"]
[EventCountry "NET"]
[SourceTitle "EXT 2022"]
[Source "ChessBase"]
[SourceDate "2021.10.06"]
[SourceVersion "1"]
[SourceVersionDate "2021.10.06"]
[SourceQuality "1"]

1. Nf3 c5 2. e4 d6 3. d4 cxd4 4. Nxd4 Nf6 5. Nc3 a6 6. Bc4 e6 7. O-O b5 8. Bb3 Be7 9. f4 O-O 10. f5 e5 11. Nde2 Bb7 12. Ng3 Nbd7 13. Bg5 a5 14. Bxf6 Nxf6 15. Bd5 b4 16. Bxb7 Qb6+ 17. Kh1 Qxb7 18. Nd5 Nxd5 19. Qxd5 Qxd5 20. exd5 Rfc8 21. Rf2 Bh4 22. Rd2 Bxg3 23. hxg3 Rc4 24. a3 h5 25. axb4 Rxb4 26. b3 Kh7 27. Kg1 Kh6 28. Rf1 Kg5 29. Rf3 a4 30. bxa4 Raxa4 31. c3 Ra1+ 32. Kf2 Rbb1 33. Ke3 Kg4 34. f6 g6 35. Kd3 Re1 36. Kc4 Rab1 37. Rdf2 e4 38. Rf4+ Kxg3 39. Kd4 Rbd1+ 40. Kc4 e3 41. R4f3+ Kh2 42. Rb2 Rd2 43. Rxe3 Rxb2 44. Rxe1 Rf2 45. Kb5 Kxg2 46. Kc6 Rxf6 47. c4 h4 48. Re2+ Kg3 49. Re3+ Kg4 50. Kd7 h3 51. Ke7 Rf4 52. Kxd6 h2 53. Re1 Rxc4 54. Ke7 f5 55. Rd1 f4 56. d6 Rc8 57. d7 Ra8 58. Rc1 g5 59. Kf6 Ra6+ 60. Ke5 Ra8 61. Rc8 h1=Q 62. d8=Q Qe1+ 63. Kf6 Ra6+ 64. Kg7 Qe6 65. Kf8 Qf6+ 66. Qxf6 Rxf6+ 67. Ke7 Ra6 68. Rc4 Kg3 69. Rc5 g4 70. Rc3+ f3 71. Ra3 Rxa3 0-1

[Event "FIDE World Uni BlitzD"]
[Site "Tornelo INT"]
[Date "2021.03.13"]
[Round "1.5"]
[White "Preotu, Razvan"]
[Black "Soumyajit, Das"]
[Result "1-0"]
[WhiteElo "2487"]
[BlackElo "1699"]
[WhiteFideId "-1"]
[WhiteFideId "-1"]
[PlyCount "33"]
[GameId "2130307588836647"]
[EventDate "2021.03.13"]
[EventType "swiss (blitz)"]
[EventRounds "10"]
[EventCountry "NET"]
[SourceTitle "The Week in Chess 1375"]
[Source "Mark Crowther"]
[SourceDate "2021.03.15"]
[SourceVersion "1"]
[SourceVersionDate "2021.03.15"]
[SourceQuality "2"]

1. e4 d5 2. exd5 Qxd5 3. Nc3 Qd8 4. d4 Nf6 5. Nf3 e6 6. Bd3 Be7 7. Be3 O-O 8. Ng5 Nbd7 9. Qf3 g6 10. h4 h5 11. Qg3 Ng4 12. Bf4 c6 13. f3 Ngf6 14. Nxe6 fxe6 15. Qxg6+ Kh8 16. Be5 Qe8 17. Qh7# 1-0

[Event "FIDE World Uni BlitzD"]
[Site "Tornelo INT"]
[Date "2021.03.13"]
[Round "2.5"]
[White "Ortez, Andrea"]
[Black "Preotu, Razvan"]
[Result "0-1"]
[WhiteElo "1969"]
[BlackElo "2487"]
[WhiteFideId "-1"]
[WhiteFideId "-1"]
[PlyCount "66"]
[GameId "2130307588840799"]
[EventDate "2021.03.13"]
[EventType "swiss (blitz)"]
[EventRounds "10"]
[EventCountry "NET"]
[SourceTitle "The Week in Chess 1375"]
[Source "Mark Crowther"]
[SourceDate "2021.03.15"]
[SourceVersion "1"]
[SourceVersionDate "2021.03.15"]
[SourceQuality "2"]

1. e4 c5 2. c3 Nf6 3. e5 Nd5 4. Nf3 d6 5. exd6 e6 6. Bc4 Bxd6 7. d4 cxd4 8. cxd4 O-O 9. O-O Nc6 10. Nc3 Nxc3 11. bxc3 b6 12. Be3 Bb7 13. Rc1 Rc8 14. Bd3 Qc7 15. h3 Ne7 16. Qe2 Ng6 17. Rfd1 Nf4 18. Bxf4 Bxf4 19. Rc2 Rce8 20. c4 e5 21. dxe5 Bxe5 22. Nxe5 Rxe5 23. Qg4 Rfe8 24. Re2 h5 25. Qg3 Qc5 26. Rxe5 Qxe5 27. Qxe5 Rxe5 28. Bc2 g6 29. Rd8+ Kg7 30. Rd7 Bc6 31. Rxa7 Re1+ 32. Kh2 Re2 33. Bb3 Rxf2 0-1

[Event "FIDE World Uni BlitzD"]
[Site "Tornelo INT"]
[Date "2021.03.13"]
[Round "3.5"]
[White "Preotu, Razvan"]
[Black "Naran-Erdene, Naranbaatar"]
[Result "1-0"]
[WhiteElo "2487"]
[BlackElo "2055"]
[WhiteFideId "-1"]
[WhiteFideId "-1"]
[PlyCount "117"]
[GameId "2130307588844993"]
[EventDate "2021.03.13"]
[EventType "swiss (blitz)"]
[EventRounds "10"]
[EventCountry "NET"]
[SourceTitle "The Week in Chess 1375"]
[Source "Mark Crowther"]
[SourceDate "2021.03.15"]
[SourceVersion "1"]
[SourceVersionDate "2021.03.15"]
[SourceQuality "2"]

1. e4 e5 2. Nf3 Nc6 3. Bc4 Bc5 4. c3 Nf6 5. d4 exd4 6. e5 d5 7. Bb5 Ne4 8. cxd4 Bb4+ 9. Bd2 Bxd2+ 10. Nbxd2 O-O 11. O-O Bg4 12. Bxc6 bxc6 13. Qc2 Nxd2 14. Nxd2 Bd7 15. Rae1 Rb8 16. Nb3 g6 17. Nc5 Bf5 18. Qd2 Rb6 19. h3 Qe7 20. g4 Bc8 21. f4 Qh4 22. Re3 h5 23. g5 Bf5 24. Qf2 Qxf2+ 25. Rxf2 Rfb8 26. b3 a5 27. h4 Bc8 28. Kf1 Rb4 29. Rd2 R8b6 30. Ke2 Ba6+ 31. Kd1 Bc8 32. Kc2 Bf5+ 33. Kc3 Kf8 34. a3 R4b5 35. Rb2 Rb8 36. e6 Rc8 37. exf7 Kxf7 38. Rbe2 Kf8 39. Re7 Be4 40. Rh7 Kg8 41. Rd7 Bf5 42. Rde7 Kf8 43. R2e5 Rb6 44. Rh7 Kg8 45. Ree7 Rb5 46. Reg7+ Kf8 47. Rxc7 Rxc7 48. Rxc7 Rb6 49. Ra7 a4 50. Rxa4 Rb8 51. b4 Re8 52. Ra6 Re3+ 53. Kd2 Rh3 54. Rxc6 Rxa3 55. b5 Ra2+ 56. Kc3 Rc2+ 57. Kb3 Rc1 58. Ne6+ Ke7 59. Rxc1 1-0

[Event "FIDE World Uni BlitzD"]
[Site "Tornelo INT"]
[Date "2021.03.13"]
[Round "4.5"]
[White "Garcia Andrada, Heidy Nicole"]
[Black "Preotu, Razvan"]
[Result "0-1"]
[WhiteElo "1912"]
[BlackElo "2487"]
[WhiteFideId "-1"]
[WhiteFideId "-1"]
[PlyCount "102"]
[GameId "2130307588849186"]
[EventDate "2021.03.13"]
[EventType "swiss (blitz)"]
[EventRounds "10"]
[EventCountry "NET"]
[SourceTitle "The Week in Chess 1375"]
[Source "Mark Crowther"]
[SourceDate "2021.03.15"]
[SourceVersion "1"]
[SourceVersionDate "2021.03.15"]
[SourceQuality "2"]

1. e4 c5 2. Nf3 d6 3. d4 cxd4 4. Nxd4 Nf6 5. f3 e5 6. Nb3 d5 7. Bg5 Be6 8. Bxf6 gxf6 9. exd5 Qxd5 10. Qxd5 Bxd5 11. Nc3 Be6 12. O-O-O Nc6 13. Bb5 Rc8 14. Na5 Ke7 15. Nxb7 Nd4 16. Ba4 Bh6+ 17. Kb1 Rc7 18. Na5 Rb8 19. Nb3 Nxc2 20. Kxc2 Bf5+ 21. Rd3 Rb4 22. g4 Bg6 23. Kd1 Rxa4 24. Nxa4 Bxd3 25. Nc3 Rd7 26. Nc5 Rd8 27. Ke1 Bc4 28. N5e4 Be3 29. h4 h6 30. Rh2 Bf4 31. Rc2 Bd3 32. Rg2 a5 33. b3 Rg8 34. Kd1 f5 35. Nc5 Bf1 36. Nd5+ Kd6 37. Nxf4 Bxg2 38. Nxg2 Kxc5 39. Ne3 fxg4 40. Nxg4 h5 41. Nxe5 Kd4 42. Nxf7 Ke3 43. Kc2 Kxf3 44. Ng5+ Kg4 45. a3 Kxh4 46. Nf3+ Kg3 47. Ng1 Kf2 48. Nh3+ Ke3 49. Kc3 Rg3 50. b4 axb4+ 51. axb4 Rxh3 0-1

[Event "FIDE World Uni BlitzD"]
[Site "Tornelo INT"]
[Date "2021.03.13"]
[Round "5.2"]
[White "Preotu, Razvan"]
[Black "Theodorou, Nikolas"]
[Result "0-1"]
[WhiteElo "2487"]
[BlackElo "2554"]
[WhiteFideId "-1"]
[WhiteFideId "-1"]
[PlyCount "82"]
[GameId "2130307588853375"]
[EventDate "2021.03.13"]
[EventType "swiss (blitz)"]
[EventRounds "10"]
[EventCountry "NET"]
[SourceTitle "The Week in Chess 1375"]
[Source "Mark Crowther"]
[SourceDate "2021.03.15"]
[SourceVersion "1"]
[SourceVersionDate "2021.03.15"]
[SourceQuality "2"]

1. e4 b6 2. d4 Bb7 3. Bd3 d6 4. Nf3 Nd7 5. O-O e5 6. c3 Ngf6 7. Re1 g6 8. Nbd2 Bg7 9. a4 a6 10. Nf1 O-O 11. Ng3 Re8 12. Bg5 h6 13. Bd2 d5 14. dxe5 Nxe5 15. Nxe5 Rxe5 16. Bf4 Re6 17. Qc2 Qe7 18. e5 Nd7 19. Bf5 gxf5 20. Nxf5 Qf8 21. Re3 Rae8 22. Rae1 Rg6 23. h4 d4 24. cxd4 Rxg2+ 25. Kf1 Rg4 26. Rg3 Rxg3 27. Nxg3 c5 28. Qf5 Bc8 29. Qh5 cxd4 30. Nf5 Re6 31. Nxd4 Rg6 32. e6 Nf6 33. Qf5 h5 34. e7 Qe8 35. Qe5 Bh3+ 36. Ke2 Kh7 37. Kd2 Qxa4 38. e8=Q Nxe8 39. Qxh5+ Kg8 40. Nc2 Qd7+ 41. Kc1 Bg4 0-1

[Event "FIDE World Uni BlitzD"]
[Site "Tornelo INT"]
[Date "2021.03.13"]
[Round "7.6"]
[White "Preotu, Razvan"]
[Black "Rakhimzhan, Alen"]
[Result "1-0"]
[WhiteElo "2487"]
[BlackElo "2273"]
[WhiteFideId "-1"]
[WhiteFideId "-1"]
[PlyCount "81"]
[GameId "2130307588861765"]
[EventDate "2021.03.13"]
[EventType "swiss (blitz)"]
[EventRounds "10"]
[EventCountry "NET"]
[SourceTitle "The Week in Chess 1375"]
[Source "Mark Crowther"]
[SourceDate "2021.03.15"]
[SourceVersion "1"]
[SourceVersionDate "2021.03.15"]
[SourceQuality "2"]

1. e4 e5 2. Nf3 Nc6 3. Bc4 Bc5 4. c3 Nf6 5. d4 exd4 6. e5 d5 7. Bb5 Ne4 8. cxd4 Bb6 9. Nc3 Bg4 10. Be3 O-O 11. h3 Bh5 12. Qc2 Bg6 13. Qb3 Ne7 14. O-O c6 15. Bd3 Nxc3 16. Qxc3 Qd7 17. Nh4 Bxd3 18. Qxd3 f6 19. f4 fxe5 20. dxe5 Nf5 21. Nxf5 Qxf5 22. Qb3 Bxe3+ 23. Qxe3 b6 24. Rad1 Rad8 25. g4 Qe6 26. f5 Qe7 27. e6 c5 28. Qe5 d4 29. Rf3 h6 30. b3 Qd6 31. Qxd6 Rxd6 32. Kf2 Rd5 33. Ke2 Re5+ 34. Kd3 Rxe6 35. fxe6 Rxf3+ 36. Ke4 Rxh3 37. Ke5 Kf8 38. Kd6 Ke8 39. Rf1 d3 40. e7 Rf3 41. Rxf3 1-0

[Event "FIDE World Uni BlitzD"]
[Site "Tornelo INT"]
[Date "2021.03.13"]
[Round "8.4"]
[White "Taher, Yoseph Theolifus"]
[Black "Preotu, Razvan"]
[Result "1-0"]
[WhiteElo "2455"]
[BlackElo "2487"]
[WhiteFideId "-1"]
[WhiteFideId "-1"]
[PlyCount "77"]
[GameId "2130307588865957"]
[EventDate "2021.03.13"]
[EventType "swiss (blitz)"]
[EventRounds "10"]
[EventCountry "NET"]
[SourceTitle "The Week in Chess 1375"]
[Source "Mark Crowther"]
[SourceDate "2021.03.15"]
[SourceVersion "1"]
[SourceVersionDate "2021.03.15"]
[SourceQuality "2"]

1. e4 c5 2. Nc3 d6 3. f4 g6 4. Nf3 Bg7 5. g3 Nc6 6. Bg2 e6 7. O-O Nge7 8. d3 Rb8 9. a4 a6 10. Be3 Nd4 11. Bf2 Nec6 12. Nxd4 Nxd4 13. Rb1 b5 14. axb5 axb5 15. Ne2 O-O 16. Nxd4 cxd4 17. Qe2 b4 18. b3 Qc7 19. Rbc1 Rb5 20. Be1 Bd7 21. Rf2 Ra8 22. h3 Ra2 23. Kh2 Qc5 24. Qd1 h5 25. Ra1 Rxa1 26. Qxa1 Ra5 27. Qd1 h4 28. gxh4 e5 29. f5 gxf5 30. exf5 Bf6 31. Qh5 Kf8 32. Bd2 Ra2 33. Qh6+ Bg7 34. Qg5 f6 35. Qg6 Be8 36. Qh7 Rxc2 37. h5 Rxd2 38. h6 Rxf2 39. Qxg7# 1-0

[Event "FIDE World Uni BlitzD"]
[Site "Tornelo INT"]
[Date "2021.03.13"]
[Round "9.5"]
[White "Preotu, Razvan"]
[Black "Ozer, Omer Faruk"]
[Result "1-0"]
[WhiteElo "2487"]
[BlackElo "2317"]
[WhiteFideId "-1"]
[WhiteFideId "-1"]
[PlyCount "65"]
[GameId "2130307588866055"]
[EventDate "2021.03.13"]
[EventType "swiss (blitz)"]
[EventRounds "10"]
[EventCountry "NET"]
[SourceTitle "The Week in Chess 1375"]
[Source "Mark Crowther"]
[SourceDate "2021.03.15"]
[SourceVersion "1"]
[SourceVersionDate "2021.03.15"]
[SourceQuality "2"]

1. e4 c5 2. Nf3 e6 3. c3 Nf6 4. e5 Nd5 5. d4 cxd4 6. cxd4 d6 7. Bc4 Be7 8. O-O O-O 9. Qe2 b6 10. Bxd5 exd5 11. Nc3 Be6 12. Bf4 Nc6 13. Nb5 dxe5 14. Nxe5 Nxe5 15. Bxe5 Qd7 16. Rac1 Rac8 17. Nc7 Bd8 18. Nxe6 Qxe6 19. Qa6 Rxc1 20. Rxc1 Bg5 21. Rc3 f6 22. Bg3 Qe4 23. Qd3 Qe1+ 24. Qf1 Qd2 25. h4 Bh6 26. Qb5 Qxd4 27. Qd7 f5 28. Qe6+ Kh8 29. Be5 Qd1+ 30. Kh2 Qg4 31. Qxh6 Rg8 32. Rg3 Qe4 33. Bxg7+ 1-0

[Event "FIDE World Uni BlitzD"]
[Site "Tornelo INT"]
[Date "2021.03.13"]
[Round "10.6"]
[White "Velo Arredondo, Alonso"]
[Black "Preotu, Razvan"]
[Result "0-1"]
[WhiteElo "2068"]
[BlackElo "2487"]
[WhiteFideId "-1"]
[WhiteFideId "-1"]
[PlyCount "58"]
[GameId "2130307588866152"]
[EventDate "2021.03.13"]
[EventType "swiss (blitz)"]
[EventRounds "10"]
[EventCountry "NET"]
[SourceTitle "The Week in Chess 1375"]
[Source "Mark Crowther"]
[SourceDate "2021.03.15"]
[SourceVersion "1"]
[SourceVersionDate "2021.03.15"]
[SourceQuality "2"]

1. e4 c5 2. Nf3 d6 3. c3 Nf6 4. h3 Nc6 5. Bd3 e5 6. O-O g5 7. Nh2 Rg8 8. Bb5 g4 9. h4 Nxe4 10. d4 Qxh4 11. g3 Nxg3 12. fxg3 Qxg3+ 13. Kh1 Qh3 14. Rg1 g3 15. Rg2 Bg4 16. Qf1 gxh2 17. Be2 cxd4 18. Nd2 Bxe2 19. Qxe2 Rxg2 20. Qxg2 Qxg2+ 21. Kxg2 dxc3 22. bxc3 d5 23. Nf3 e4 24. Nd4 Nxd4 25. cxd4 Bd6 26. Bg5 Rc8 27. Bf6 Kd7 28. Re1 Ke6 29. Bg5 Rg8 0-1